El espíritu de una reelaboración de la escatología (Registro nro. 69614)
[ vista simple ]
| 000 -LÍDER | |
|---|---|
| Campo fijo de descripción fija | 01510nab a2200205 i 4500 |
| 001 - NÚMERO DE CONTROL | |
| Campo de control | 768714001 |
| 003 - IDENTIFICADOR DEL NÚMERO DE CONTROL | |
| Campo de control | CO-MdFUSB |
| 005 - FECHA Y HORA DE LA ULTIMA TRANSACCIÓN | |
| control field | 20240509144814.0 |
| 008 - ELEMENTOS DE LONGITUD FIJA -- INFORMACIÓN GENERAL | |
| Campo fijo de descripción fija -- Información general | 240508t1968 sp ||||| |||| 00| 0 spa d |
| 040 ## - FUENTE DE CATALOGACIÓN | |
| Idioma de catalogación | spa |
| Agencia que realiza la transcripción | CO-MdFUSB |
| Agencia que realiza la modificación | CO-MdFUSB |
| 041 ## - CÓDIGO DE IDIOMA | |
| Código de idioma para texto/pista de sonido o título separado | spa |
| 100 ## - ASIENTO PRINCIPAL--NOMBRE PERSONAL | |
| Nombre personal | Boros, Ladislaus, |
| Término relacionador | autor |
| 245 #3 - TÍTULO | |
| Título | El espíritu de una reelaboración de la escatología |
| Mención de responsabilidad | / Ladislaus Boros |
| 520 ## - NOTA DE RESUMEN, ETC. | |
| Nota de sumario, etc. | Durante la Semana Académica de Salzburgo, en 1967, Ladislao Boros, autor muy conocido por sus numerosas publicaciones en torno a la reflexión teológica sobre la muerte cristiana, dio cuatro meditaciones sobre el tema: muerte, juicio, resurrección. Agradecemos al autor su autorización para publicar, como primicias, la siguiente selección de textos. En una reforma de la liturgia funeraria no sólo hemos de tener en cuenta las perspectivas teológicas, sino que habrán de ser creados también nuevos textos a partir de la piedad cristiana actual, tal como aparece, por ejemplo, en estas meditaciones.<br/>Boros antepone cinco advertencias a las meditaciones propia- mente dichas. En ellas pretende describir la mentalidad con que el cristianismo actual debe abordar los problemas de la escatología.<br/> |
| 650 #7 - ASIENTO SECUNDARIO DE MATERIA - TERMINO TEMÁTICO | |
| Término temático o nombre geográfico como elemento de entrada | Liturgia |
| 9 (RLIN) | 206 |
| 650 #7 - ASIENTO SECUNDARIO DE MATERIA - TERMINO TEMÁTICO | |
| Término temático o nombre geográfico como elemento de entrada | Escatología |
| 9 (RLIN) | 213 |
| 773 0# - ASIENTO DE ITEM FUENTE | |
| Biblionumber | 49450 |
| Itemnumber | 82592 |
| Otro identificador del ítem | R2522 |
| Título | Revista internacional de teología Concilium |
| Número de control del registro | (CO-MdFUSB)8 |
| Número Internacional Normalizado para Publicaciones Seriadas (ISSN) | 0210-1041 |
| Parte(s) relacionada(s) / Volumen., número. (mes año), páginas | Número 32, (febrero, 1968), páginas: 247 - 257 |
| Enumeración y primera página | página: 247 |
| 942 ## - TIPO DE MATERIAL (KOHA) | |
| Tipo de Item KOHA | Artículos de Revista |
| 945 ## - INFORMACIÓN LOCAL DEL REGISTRO | |
| Catalogador | Catherine Arias Alvarez - Practicante SENA |
No hay ítems disponibles.
